000
nam a22 7a 4500
999
_c
234
_d
234
005
20170427151438.0
008
170427b m ||||| |||| 00| 0 eng d
040
_a
AKMAL
245
_a
STANDARD PERILAKU PEGAWAI KASTAM DIRAJA MALAYSIA
300
_c
23cm
942
_2
ddc
_c
BOOK